000
00326nam a2200133Ia 4500
008
220613s9999||||xx |||||||||||||| ||und||
100
_a
Richard M Robb
245
0
_a
Opthalmoogy for The Pediatric Practituoner
250
_a
1981
260
_b
LITTLE BROWN & COMPANY
300
_a
163
650
_a
Opthalmology
942
_c
SURG
999
_c
1913
_d
1913